000 01005nam a2200313 i 4500
001 51799
003 KOSZ 005
005 20220623075559.0
008 060524s2005 pl f f |000 0 pol
020 _a8301145692
040 _cKOSZ 005
_aKOSZ 005
_dKOSZ 005/HR
080 _a55(438)
080 _a(075.8)
100 1 _aMizerski, Włodzimierz
_d(1949- )
_eAutor
245 1 0 _aGeologia Polski dla geografów /
_cWłodzimierz Mizerski.
250 _aWyd. 2 uaktual.
260 _aWarszawa :
_bWydawnictwo Naukowe PWN,
_c2005.
300 _a255, [1] s. :
_bil. ;
_c24 cm.
380 _aKsiążki
388 _a2001-
504 _aBibliogr. przy rozdz. Indeks.
650 7 _aGeologia
651 4 _aPolska
655 4 _aPodręczniki akademickie
658 _aGeografia i nauki o Ziemi
710 2 _aWydawnictwo Naukowe PWN
_4pbl.
856 _uhttp://koha.tu.koszalin.pl/cgi-bin/koha/opac-detail.pl?biblionumber=51799
_yKatalog online BPK
942 _cKS
_2UKD
999 _c51799
_d51799